MARC details
| 000 -LEADER |
| fixed length control field |
01526nam a22003735i 4500 |
| 001 - CONTROL NUMBER |
| control field |
22544204 |
| 003 - CONTROL NUMBER IDENTIFIER |
| control field |
CSPC |
| 005 - DATE AND TIME OF LATEST TRANSACTION |
| control field |
20250327104655.0 |
| 008 - FIXED-LENGTH DATA ELEMENTS--GENERAL INFORMATION |
| fixed length control field |
220512s2022 inu 000 0 eng |
| 010 ## - LIBRARY OF CONGRESS CONTROL NUMBER |
| LC control number |
2022938427 |
| 020 ## - INTERNATIONAL STANDARD BOOK NUMBER |
| International Standard Book Number |
9781119896296 |
| 040 ## - CATALOGING SOURCE |
| Original cataloging agency |
DLC |
| Language of cataloging |
eng |
| Description conventions |
rda |
| Transcribing agency |
DLC |
| Modifying agency |
CSPC |
| 042 ## - AUTHENTICATION CODE |
| Authentication code |
pcc |
| 050 00 - LIBRARY OF CONGRESS CALL NUMBER |
| Classification number |
A76.9.B56 |
| Item number |
P67 2022 |
| 082 00 - DEWEY DECIMAL CLASSIFICATION NUMBER |
| Classification number |
005.824 |
| Item number |
P846b |
| Edition number |
23 |
| 100 1# - MAIN ENTRY--PERSONAL NAME |
| Personal name |
Poston, Howard, |
| Relator term |
author. |
| 245 10 - TITLE STATEMENT |
| Title |
Blockchain security from the bottom up : |
| Remainder of title |
securing and preventing attacks on cryptocurrencies, decentralized applications, NFTs, and smart contracts / |
| Statement of responsibility, etc. |
Howard Poston. |
| 263 ## - PROJECTED PUBLICATION DATE |
| Projected publication date |
2207 |
| 264 #1 - PRODUCTION, PUBLICATION, DISTRIBUTION, MANUFACTURE, AND COPYRIGHT NOTICE |
| Place of production, publication, distribution, manufacture |
Hoboken, New Jersey : |
| Name of producer, publisher, distributor, manufacturer |
John Wiley and Sons, Inc., |
| Date of production, publication, distribution, manufacture, or copyright notice |
2022. |
| 300 ## - PHYSICAL DESCRIPTION |
| Extent |
xviii, 154 pages : |
| Other physical details |
illustrations ; |
| Dimensions |
24 cm. |
| 336 ## - CONTENT TYPE |
| Content type term |
text |
| Content type code |
txt |
| Source |
rdacontent |
| 337 ## - MEDIA TYPE |
| Media type term |
unmediated |
| Media type code |
n |
| Source |
rdamedia |
| 338 ## - CARRIER TYPE |
| Carrier type term |
volume |
| Carrier type code |
nc |
| Source |
rdacarrier |
| 504 ## - BIBLIOGRAPHY, ETC. NOTE |
| Bibliography, etc. note |
Includes bibliographical references and index. |
| 505 0# - FORMATTED CONTENTS NOTE |
| Formatted contents note |
Introduction to blockchain security -- Fundamentals -- Protocols -- Infrastructure -- Advanced -- Considerations for secure blockchain design. |
| 650 #0 - SUBJECT ADDED ENTRY--TOPICAL TERM |
| Topical term or geographic name entry element |
Blockchains (Databases). |
| 650 #0 - SUBJECT ADDED ENTRY--TOPICAL TERM |
| Topical term or geographic name entry element |
Data encryption (Computer science). |
| 650 #0 - SUBJECT ADDED ENTRY--TOPICAL TERM |
| Topical term or geographic name entry element |
Computer security. |
| 650 #0 - SUBJECT ADDED ENTRY--TOPICAL TERM |
| Topical term or geographic name entry element |
Computer networks |
| Form subdivision |
Security measures. |
| 906 ## - LOCAL DATA ELEMENT F, LDF (RLIN) |
| a |
0 |
| b |
ibc |
| c |
orignew |
| d |
2 |
| e |
epcn |
| f |
20 |
| g |
y-gencatlg |
| 942 ## - ADDED ENTRY ELEMENTS (KOHA) |
| Source of classification or shelving scheme |
Dewey Decimal Classification |
| Koha item type |
Books |
| Classification part |
005.824 |
| Item part |
P846b |
| Call number prefix |
CIR |
| Call number suffix |
2022 |
| Suppress in OPAC |
No |
| Edition |
23 |